[Event "7th Asrian Memorial 2014"]
[Site "Jermuk ARM"]
[Date "2014.06.18"]
[Round "3.15"]
[White "Bashirinia, Omid"]
[Black "Lorparizangeneh, Shahin"]
[Result "1/2-1/2"]
[BlackTitle "FM"]
[WhiteElo "2005"]
[BlackElo "2296"]
[WhiteFideId "12502197"]
[BlackFideId "12521604"]
[EventDate "2014.06.16"]

1. e4 c5 2. Nc3 d6 3. Nf3 Nc6 4. d4 cxd4 5. Nxd4 Nf6 6. Be2 e5 7. Nf3 h6 8. O-O
Be7 9. Re1 Be6 10. Bf1 O-O 11. Nd5 Bxd5 12. exd5 Nb4 13. c4 a5 14. a3 Na6 15.
Rb1 Nd7 16. b4 axb4 17. axb4 f5 18. c5 Nc7 19. c6 bxc6 20. dxc6 Nb6 21. Be3 Rb8
22. Nd2 Nbd5 23. b5 Nxe3 24. Rxe3 Bg5 25. Ra3 Bxd2 26. Qxd2 Rb6 27. Ra7 Kh7 28.
Rb7 Rxb7 29. cxb7 Ne6 30. Ra1 Qc7 31. Ra8 Rb8 32. Rxb8 Qxb8 33. Qc2 Nc5 34.
Qxf5+ g6 35. Qc8 Qxb7 36. Qxb7+ Nxb7 37. b6 Nc5 38. Bb5 Kg7 39. Bc6 Kf6 40. b7
Na6 41. Bd5 Ke7 42. h4 Kd7 1/2-1/2

[Event "7th Asrian Memorial 2014"]
[Site "Jermuk ARM"]
[Date "2014.06.19"]
[Round "4.1"]
[White "Nadimifar, Adnan"]
[Black "Pashikian, Arman"]
[Result "0-1"]
[BlackTitle "GM"]
[WhiteElo "2147"]
[BlackElo "2630"]
[WhiteFideId "12503720"]
[BlackFideId "13301578"]
[EventDate "2014.06.16"]

1. e4 c5 2. Nf3 d6 3. Bb5+ Nd7 4. d4 cxd4 5. Qxd4 a6 6. Bxd7+ Bxd7 7. c4 e5 8.
Qd3 b5 9. Na3 Qb8 10. O-O Be7 11. Rd1 Qb7 12. Bg5 f6 13. Be3 f5 14. Qd5 Bc6 15.
Qe6 Bd7 16. Qd5 Qxd5 17. exd5 Nf6 18. c5 f4 19. cxd6 Bxd6 20. Bb6 O-O 21. Rac1
Rac8 22. Rxc8 Rxc8 23. Ne1 b4 24. Nac2 Rb8 25. Ba5 Rb5 26. Bd8 Rxd5 27. Rxd5
Nxd5 28. Ba5 Bb5 29. Nf3 Bd3 30. Nfe1 Bc4 31. a3 b3 32. Nb4 e4 33. Nxd5 Bxd5 34.
Bc3 Bc5 35. h4 h6 36. h5 Bf7 37. Be5 Bxh5 38. Bxf4 Bxa3 39. Bc1 Bb4 40. Kf1 Kf7
41. g3 Bf3 42. Ng2 Bxg2+ 43. Kxg2 Ke6 44. f3 Kd5 45. Be3 a5 0-1

[Event "7th Asrian Memorial 2014"]
[Site "Jermuk ARM"]
[Date "2014.06.19"]
[Round "4.2"]
[White "Hovhannisyan, Robert"]
[Black "Harutyunian, Tigran K."]
[Result "1/2-1/2"]
[WhiteTitle "GM"]
[BlackTitle "IM"]
[WhiteElo "2601"]
[BlackElo "2436"]
[WhiteFideId "13302507"]
[BlackFideId "13303635"]
[EventDate "2014.06.16"]

1. e4 e5 2. Nf3 Nc6 3. Bb5 Nf6 4. O-O Nxe4 5. d4 Nd6 6. Bxc6 dxc6 7. dxe5 Nf5 8.
Qxd8+ Kxd8 9. Rd1+ Ke8 10. Bf4 Be7 11. Nbd2 h6 12. h3 Nh4 13. Nxh4 Bxh4 14. g4
Be7 15. Ne4 Be6 16. Ng3 g6 17. f3 Kf8 18. Be3 h5 19. Ne2 hxg4 20. hxg4 Bc4 21.
Nf4 g5 22. Nd3 Rd8 23. Rd2 Bxd3 24. Rad1 Rd5 25. Rxd3 Rxe5 26. Bd4 Bc5 27. Bxc5+
Rxc5 28. c3 Re5 29. Rd8+ Re8 30. R1d7 Rxd8 31. Rxd8+ Kg7 32. Rd7 Rc8 33. Kf2 Kf6
34. Kg3 Ke6 35. Rd1 a5 36. f4 gxf4+ 37. Kxf4 Rh8 38. Kg3 a4 39. Re1+ Kf6 40. Re4
Ra8 41. Rb4 b6 42. Rf4+ Kg6 43. Rd4 Kf6 44. Rf4+ Kg7 45. Rd4 Ra5 46. Kf4 Rb5 47.
Rxa4 Rxb2 48. Ke3 c5 49. Ra7 Rg2 50. Kf4 Rc2 51. Rxc7 Rxc3 52. Rb7 Rc4+ 53. Kf5
Rb4 54. a3 Rb3 55. g5 Rf3+ 56. Ke4 Rxa3 57. Rxb6 Rg3 58. Kf4 Rc3 59. Kf5 Rc1 60.
Rc6 c4 61. Ke4 c3 62. Kd3 c2 63. Kd2 Rg1 64. Kxc2 Rxg5 65. Kd3 Re5 66. Rc2 Kg6
67. Rg2+ Kf5 68. Rf2+ Ke6 69. Rf4 f5 70. Rf3 Ra5 71. Ke2 Ra2+ 72. Kf1 Ke5 73.
Rb3 Kf4 74. Rc3 Kg4 75. Rb3 f4 76. Rc3 f3 77. Rc7 1/2-1/2

[Event "7th Asrian Memorial 2014"]
[Site "Jermuk ARM"]
[Date "2014.06.19"]
[Round "4.3"]
[White "Matevosyan, Sedrak"]
[Black "Ter-Sahakyan, Samvel"]
[Result "0-1"]
[BlackTitle "GM"]
[WhiteElo "2233"]
[BlackElo "2587"]
[WhiteFideId "13302035"]
[BlackFideId "13302531"]
[EventDate "2014.06.16"]

1. c4 e5 2. Nc3 Nc6 3. g3 f5 4. Bg2 Nf6 5. e3 g6 6. Nge2 Bg7 7. d3 d6 8. Rb1 a5
9. d4 e4 10. a3 O-O 11. Nf4 Ne7 12. h4 h6 13. b4 axb4 14. axb4 Bd7 15. Qb3 Qe8
16. b5 g5 17. hxg5 hxg5 18. c5+ Qf7 19. cxd6 cxd6 20. Qxf7+ Kxf7 21. Nfe2 Be6
22. Bb2 Nc8 23. O-O Nb6 24. d5 Bd7 25. Nd4 g4 26. Rfd1 Rfc8 27. Bf1 Nh7 28. Kg2
Ng5 29. Ra1 Rxa1 30. Rxa1 Nf3 31. Na4 Nxa4 32. Rxa4 Rh8 0-1

[Event "7th Asrian Memorial 2014"]
[Site "Jermuk ARM"]
[Date "2014.06.19"]
[Round "4.4"]
[White "Grigoryan, Karen H."]
[Black "Nadanian, Ashot"]
[Result "1/2-1/2"]
[WhiteTitle "GM"]
[BlackTitle "IM"]
[WhiteElo "2577"]
[BlackElo "2416"]
[WhiteFideId "13301004"]
[BlackFideId "13300393"]
[EventDate "2014.06.16"]

1. e4 e5 2. Nf3 Nc6 3. Bb5 Nd4 4. Nxd4 exd4 5. O-O Bc5 6. Re1 Ne7 7. Qh5 Bb6 8.
a4 c6 9. Bf1 O-O 10. a5 Bc7 11. Ra4 Ng6 12. g3 Re8 13. Rxd4 Bxa5 14. Qd1 b5 15.
Rd3 d6 16. Rde3 Ne5 17. h3 Re6 18. b3 Qf6 19. c3 Re8 20. d4 Ng6 21. f4 Bb6 22.
Bb2 a5 23. Bg2 a4 24. Kh2 h5 25. f5 Nf8 26. Qxh5 axb3 27. Qd1 d5 28. Nd2 Bc7 29.
Rf3 Qg5 30. Bc1 Qh5 31. Rff1 Qxd1 32. Rxd1 dxe4 33. Nxb3 Nd7 34. Rde1 Nf6 35.
Nc5 Ra2 36. Bg5 Nh5 37. Nxe4 Kf8 38. Bh4 f6 39. Kg1 c5 40. Nxc5 Rxe1 41. Rxe1
Bxg3 42. Bxg3 Nxg3 43. Bd5 Re2 44. Ra1 Bxf5 45. Ra8+ Ke7 46. Ra7+ Kd6 47. Bf3
Rc2 48. Rxg7 Ne2+ 49. Kh1 Nxc3 50. Nb7+ Ke6 51. Nc5+ Kd6 52. Nb7+ Ke6 53. Nc5+ 1/2-1/2

[Event "7th Asrian Memorial 2014"]
[Site "Jermuk ARM"]
[Date "2014.06.19"]
[Round "4.5"]
[White "Aghasaryan, Robert"]
[Black "Petrosyan, Manuel"]
[Result "1-0"]
[WhiteTitle "GM"]
[BlackTitle "FM"]
[WhiteElo "2502"]
[BlackElo "2378"]
[WhiteFideId "13302841"]
[BlackFideId "13300857"]
[EventDate "2014.06.16"]

1. e4 c6 2. d4 d5 3. Nc3 dxe4 4. Nxe4 Bf5 5. Ng3 Bg6 6. N1e2 e6 7. Nf4 Qh4 8.
Be2 Nf6 9. Bf3 Bd6 10. Nge2 Nd5 11. Nxg6 hxg6 12. c4 Ne7 13. Qb3 b6 14. g3 Qf6
15. h4 Nf5 16. Bg5 Nxd4 17. Nxd4 Qxd4 18. O-O O-O 19. Rad1 Qc5 20. a3 Be7 21.
Bf4 Qf5 22. Qe3 Bc5 23. Qe2 Be7 24. b4 g5 25. hxg5 Bxg5 26. Be4 Qf6 27. Be5 Qh6
28. Kg2 f5 29. Bf3 1-0

[Event "7th Asrian Memorial 2014"]
[Site "Jermuk ARM"]
[Date "2014.06.19"]
[Round "4.6"]
[White "Gharagyozyan, Artur"]
[Black "Babujian, Levon"]
[Result "1/2-1/2"]
[BlackTitle "GM"]
[WhiteElo "2194"]
[BlackElo "2482"]
[WhiteFideId "13303279"]
[BlackFideId "13301993"]
[EventDate "2014.06.16"]

1. e4 e5 2. Nf3 Nc6 3. Bb5 Nf6 4. O-O Bc5 5. c3 O-O 6. d4 Bb6 7. Bg5 h6 8. Bxf6
Qxf6 9. Bxc6 Qxc6 10. Nxe5 Qxe4 11. Nd2 Qd5 12. Nec4 d6 13. Qf3 Qxf3 14. Nxf3
Be6 15. Nfd2 Rfe8 16. Rfe1 Kf8 17. f3 d5 18. Nxb6 axb6 19. Kf2 Ke7 20. a3 Kd6
21. Nf1 c5 22. Rad1 Kc6 23. Ng3 g6 24. Ne2 g5 25. h4 Kb5 26. Rh1 Kc4 27. Rd2 Rg8
28. g4 Kb5 29. Ng3 c4 30. h5 Ka4 31. Re1 Rge8 32. Rde2 Kb3 33. Nf5 Rh8 34. Ng7
b5 35. Nf5 Bxf5 36. gxf5 b4 37. cxb4 c3 38. bxc3 Rxa3 39. Re7 b5 40. Rc7 Ra2+
41. Re2 Ra1 42. Rc5 Rd8 43. Re3 Ra2+ 44. Kg3 Rc2 45. Rxb5 Rxc3 46. Kf2 Rd6 47.
Rb8 Rf6 48. b5 Rxe3 49. Kxe3 Kb4 50. Rc8 Kxb5 51. Rc5+ Kb6 52. Rxd5 Kc6 53. Ke4
Kc7 54. Ra5 Kd7 55. Ra7+ Ke8 56. d5 Rb6 57. Rc7 f6 58. Kd4 Rb3 59. Rc6 Kf7 60.
Rc7+ Ke8 61. Rc3 Rb1 62. Rc6 Kd7 63. Rxf6 Rd1+ 64. Ke3 Rxd5 65. Ke4 Rd1 66. Rxh6
Ke7 67. Rg6 Re1+ 68. Kd4 Rf1 69. h6 Rh1 70. Ra6 Rd1+ 71. Ke3 Re1+ 72. Kf2 Rh1
73. Kg2 Rh4 74. Rg6 Rh5 75. Kg3 Rh4 76. Rxg5 Rxh6 77. Rg6 Rh1 78. Ra6 Rc1 79.
Kg4 Rg1+ 80. Kf4 Rb1 81. Rc6 Ra1 82. Rh6 Rb1 83. Rh8 Ra1 84. Rc8 Rb1 85. Rc4 Kf6
86. Re4 Ra1 87. Re6+ Kf7 88. Rh6 Rb1 89. Ra6 Rc1 90. f6 Rb1 91. Kf5 Rb5+ 1/2-1/2

[Event "7th Asrian Memorial 2014"]
[Site "Jermuk ARM"]
[Date "2014.06.19"]
[Round "4.7"]
[White "Bagaturov, Giorgi"]
[Black "Tabatabaei, M.amin"]
[Result "1/2-1/2"]
[WhiteTitle "GM"]
[BlackTitle "FM"]
[WhiteElo "2427"]
[BlackElo "2345"]
[WhiteFideId "13600133"]
[BlackFideId "12521213"]
[EventDate "2014.06.16"]

1. Nf3 Nf6 2. c4 e6 3. g3 d5 4. Bg2 dxc4 5. Qa4+ c6 6. Qxc4 b5 7. Qc2 Bb7 8. O-O
Nbd7 9. d4 Rc8 10. a4 a6 11. Nbd2 c5 12. axb5 axb5 13. dxc5 Nxc5 14. Ne5 Bxg2
15. Kxg2 Ncd7 16. Nxf7 Kxf7 17. Qb3 Qb6 18. Nf3 h6 19. Bd2 Bc5 20. Ra5 b4 21.
Rfa1 Qb7 22. Be3 Bxe3 23. Qxe3 Ra8 24. Ra7 Rxa7 25. Rxa7 Qd5 26. Qf4 Rd8 27.
Qxb4 Kg8 28. Ra5 Qc6 29. h3 Rb8 30. Qa3 Qe4 31. e3 Kh8 32. Ra4 Qb7 33. Qd6 Ne4
34. Rxe4 Qxe4 35. Qxd7 Rf8 36. Qd1 e5 37. g4 Qb7 38. Qe2 Qe4 39. Kg3 Rb8 40. Qd2
Kh7 41. Qd6 Rb5 42. Qf8 Rxb2 43. Qe8 Qc2 44. Ng5+ hxg5 45. Qh5+ Kg8 46. Qe8+ Kh7
47. Qh5+ Kg8 48. Qe8+ 1/2-1/2

[Event "7th Asrian Memorial 2014"]
[Site "Jermuk ARM"]
[Date "2014.06.19"]
[Round "4.8"]
[White "Hayrapetyan, Hovik"]
[Black "Galojan, Lilit"]
[Result "1-0"]
[WhiteTitle "GM"]
[BlackTitle "IM"]
[WhiteElo "2420"]
[BlackElo "2308"]
[WhiteFideId "13302639"]
[BlackFideId "13301314"]
[EventDate "2014.06.16"]

1. d4 Nf6 2. Nf3 e6 3. c4 d5 4. Nc3 Be7 5. Bf4 O-O 6. e3 Nbd7 7. cxd5 Nxd5 8.
Bg3 c5 9. Nxd5 exd5 10. dxc5 Nxc5 11. Be5 Ne4 12. a3 Bf6 13. Bd4 Bg4 14. Be2
Bxf3 15. Bxf3 Qa5+ 16. b4 Qa6 17. Bxf6 Nxf6 18. Qe2 Qa4 19. O-O Rfc8 20. Qd1
Qxd1 21. Raxd1 Rc3 22. Bxd5 Nxd5 23. Rxd5 Rxa3 24. Rd7 b6 25. Rc1 a5 26. Rb7
axb4 27. Rxb6 Rc3 28. Rd1 Rd3 29. Re1 Rb3 30. g4 h6 31. Rd1 Rb2 32. Rd7 b3 33.
Rbb7 Rf8 34. Kg2 Rb1 35. h4 h5 36. g5 g6 37. Rd3 Rc8 38. Rdxb3 Rxb3 39. Rxb3 Rc4
40. Kh3 Kf8 41. f3 Rc1 42. e4 Re1 43. Rb7 Rh1+ 44. Kg3 Rg1+ 45. Kf4 Rf1 46. Rb3
Rh1 47. Rb8+ Kg7 48. Kg3 Rg1+ 49. Kf2 Rh1 50. Kg2 Re1 51. Rb4 Re2+ 52. Kg3 Re1
53. Kf2 Rh1 54. Kg2 Re1 55. f4 Re3 56. f5 gxf5 57. exf5 Re5 58. f6+ Kg6 59. Kf3
Re8 60. Kf4 Ra8 61. Rd4 Rb8 62. Ke5 Ra8 63. Rd7 Re8+ 64. Kd5 Re1 65. Rc7 Rd1+
66. Ke5 Re1+ 67. Kd6 Re6+ 68. Kd7 Re1 69. Rc8 Rd1+ 70. Ke7 Re1+ 71. Kd6 Rd1+ 72.
Ke5 Re1+ 73. Kf4 Rf1+ 74. Kg3 Rg1+ 75. Kh2 Rg4 76. Kh3 Ra4 77. Rh8 Ra3+ 78. Kg2
Kf5 79. Rxh5 Ra8 80. Rh7 Ke6 81. Kg3 Ra4 82. Rg7 Rb4 83. h5 Kf5 84. h6 Rb3+ 85.
Kf2 Rh3 86. h7 Ke6 87. g6 fxg6 88. f7 1-0

[Event "7th Asrian Memorial 2014"]
[Site "Jermuk ARM"]
[Date "2014.06.19"]
[Round "4.9"]
[White "Kalashian, David"]
[Black "Bakunts, Rafael"]
[Result "1/2-1/2"]
[WhiteTitle "IM"]
[WhiteElo "2395"]
[BlackElo "2271"]
[WhiteFideId "13302418"]
[BlackFideId "13304097"]
[EventDate "2014.06.16"]

1. d4 Nf6 2. c4 e6 3. Nf3 Bb4+ 4. Nc3 O-O 5. e3 b6 6. Bd3 Bb7 7. O-O Bxc3 8.
bxc3 d6 9. a4 a5 10. Qc2 Nbd7 11. e4 e5 12. Bg5 Re8 13. Rae1 Nf8 14. c5 bxc5 15.
dxe5 dxe5 16. Bb5 c6 17. Bc4 Bc8 18. Qa2 Ra7 19. Qa3 h6 20. Qxc5 Qe7 21. Be3
Qxc5 22. Bxc5 Ra8 23. Bd6 Ng6 24. h3 Be6 25. Bxe6 Rxe6 26. Ba3 Rd8 27. Re3 Ree8
28. g3 Rd7 29. c4 Rb8 30. Kg2 Ne8 31. Rc1 f6 32. Rc2 Nc7 33. Rd2 Nf8 34. Rxd7
Nxd7 35. Rd3 Nb6 36. Rb3 Nd7 37. Rd3 Nb6 38. Rb3 Nd7 39. Rxb8+ Nxb8 40. Bd6 Nca6
41. Nd2 Nd7 42. Nb3 Nb6 43. Nxa5 c5 44. f4 exf4 45. gxf4 Nxa4 46. Kf3 Kf7 47. f5
Nb4 48. Nb7 Nc6 49. Bf4 Nb2 50. Nd6+ Ke7 51. Nc8+ Kf7 52. Nb6 Na5 53. Nd7 Nd3
54. Nb6 Nb2 55. Nd7 Nd3 56. Ke3 Nxf4 57. Kxf4 Nxc4 58. Nxc5 Ne5 59. Ke3 Nc6 1/2-1/2

[Event "7th Asrian Memorial 2014"]
[Site "Jermuk ARM"]
[Date "2014.06.19"]
[Round "4.10"]
[White "Hambardzumian, Yuri"]
[Black "Igonin, Temur"]
[Result "1/2-1/2"]
[WhiteTitle "IM"]
[BlackTitle "FM"]
[WhiteElo "2336"]
[BlackElo "2192"]
[WhiteFideId "13302795"]
[BlackFideId "14203049"]
[EventDate "2014.06.16"]

1. e4 e5 2. Nf3 Nc6 3. Bb5 g6 4. c3 Nge7 5. O-O Bg7 6. d4 exd4 7. cxd4 d5 8.
exd5 Nxd5 9. Re1+ Be6 10. Bg5 Qd6 11. Nbd2 O-O 12. Ne4 Qb4 13. Bxc6 bxc6 14. Qc1
Rae8 15. a3 Qb5 16. Bh6 Bf5 17. Bxg7 Kxg7 18. Ng3 Rxe1+ 19. Nxe1 Bc8 20. Qd2 Nb6
21. Rc1 Rd8 22. b4 Qd5 23. Nf3 Bg4 24. Rc5 Qd7 25. Ne5 Qxd4 26. Qxd4 Rxd4 27. h3
Bd7 28. Nxd7 Rxd7 29. Ne4 Rd1+ 30. Kh2 Rd4 31. f3 f5 32. Ng5 Kf6 33. Nxh7+ Kg7
34. Ng5 Kf6 35. f4 Rxf4 36. Nf3 Rc4 37. Ra5 Nc8 38. Ne5 Rc3 39. h4 Nb6 40. Nf3
Nc8 41. Ne5 Nb6 42. Nf3 Nc8 43. Ra6 Ke6 44. b5 Ne7 45. Rxa7 cxb5 46. Nd4+ Kd7
47. Nxb5 Rc4 48. Kg3 Nd5 49. Ra6 Rg4+ 50. Kf3 Rf4+ 51. Kg3 Rg4+ 52. Kf3 1/2-1/2

[Event "7th Asrian Memorial 2014"]
[Site "Jermuk ARM"]
[Date "2014.06.19"]
[Round "4.11"]
[White "Ghvamberia, Nika"]
[Black "Torosyan, Norayr"]
[Result "0-1"]
[WhiteElo "2150"]
[BlackElo "2322"]
[WhiteFideId "13602128"]
[BlackFideId "13300431"]
[EventDate "2014.06.16"]

1. e4 c5 2. Nf3 e6 3. d4 cxd4 4. Nxd4 a6 5. Bd3 Nf6 6. O-O e5 7. Bg5 h6 8. Bxf6
Qxf6 9. Nf5 g6 10. Ne3 Bc5 11. Nd5 Qd8 12. a4 O-O 13. Nd2 Nc6 14. c3 d6 15. b4
Ba7 16. Nc4 Be6 17. Bc2 Kg7 18. Qd2 Rc8 19. Bb3 f5 20. exf5 gxf5 21. Rfc1 f4 22.
b5 Ne7 23. Nxe7 Qxe7 24. Qxd6 Qxd6 25. Nxd6 Bxb3 26. Rab1 Rcd8 27. Nxb7 Rd2 28.
Rxb3 Bxf2+ 29. Kh1 e4 30. Na5 axb5 31. axb5 Rfd8 32. Rbb1 e3 33. Nc6 R8d5 34.
Nd4 e2 35. Nxe2 Rxe2 36. b6 Be3 37. Rf1 f3 38. Rxf3 Bxb6 39. Rff1 Bf2 40. Rfd1
Rde5 41. c4 Bc5 42. Rbc1 Kg6 43. Ra1 h5 44. Rf1 h4 45. Ra6+ Kg5 46. Raf6 Rc2 47.
R6f4 Bf2 48. Rf8 Ree2 49. c5 Rxc5 50. g3 hxg3 51. Rg8+ Kh6 52. hxg3 Bd4 53. Rg4
Rcc2 54. Rh4+ Kg5 55. Rd1 Be3 56. Rd5+ Kf6 57. Rd1 Ke5 58. Rf1 Bg5 59. Rh8 Kd4
60. Rd1+ Ke3 61. Re8+ Kf3 62. Rf1+ Kg4 63. Rxe2 Rxe2 64. Rd1 Bd2 65. Kg1 Kxg3
66. Rb1 Rg2+ 67. Kf1 Rf2+ 68. Kg1 Be3 69. Re1 Rf3+ 70. Kh1 Kf2 0-1

[Event "7th Asrian Memorial 2014"]
[Site "Jermuk ARM"]
[Date "2014.06.19"]
[Round "4.12"]
[White "Martirosyan, Haik M."]
[Black "Imnadze, Nato"]
[Result "1-0"]
[WhiteTitle "FM"]
[BlackTitle "WFM"]
[WhiteElo "2311"]
[BlackElo "2113"]
[WhiteFideId "13306553"]
[BlackFideId "13600974"]
[EventDate "2014.06.16"]

1. d4 d5 2. Nf3 Nf6 3. c4 c6 4. Qb3 dxc4 5. Qxc4 Bf5 6. g3 Nbd7 7. Bg2 e6 8. O-O
Be7 9. Nc3 O-O 10. Re1 Ne4 11. Qb3 Qb6 12. Nh4 Bxh4 13. gxh4 Nef6 14. e4 Bg6 15.
Qxb6 axb6 16. Bf4 Rfe8 17. a4 e5 18. Bxe5 Nxe5 19. dxe5 Rxe5 20. f4 Re7 21. Rad1
Rae8 22. Bf3 h6 23. e5 Bh5 24. Kf2 Bxf3 25. Kxf3 Nd7 26. Rg1 Kh7 27. h5 Nc5 28.
b4 Ne6 29. h4 Nc7 30. Rd3 Ra8 31. Rgd1 Nd5 32. Nxd5 cxd5 33. Rxd5 g6 34. Rd7
Rae8 35. hxg6+ fxg6 36. R1d6 b5 37. a5 Kg7 38. h5 gxh5 39. f5 Kf7 40. Kf4 Rh8
41. e6+ 1-0

[Event "7th Asrian Memorial 2014"]
[Site "Jermuk ARM"]
[Date "2014.06.19"]
[Round "4.13"]
[White "Mnatsakanian, Eduard A"]
[Black "Kotanjian, Tigran"]
[Result "1-0"]
[WhiteTitle "IM"]
[BlackTitle "GM"]
[WhiteElo "2143"]
[BlackElo "2546"]
[WhiteFideId "13300083"]
[BlackFideId "13301250"]
[EventDate "2014.06.16"]

1. e4 c5 2. Nf3 d6 3. d4 cxd4 4. Bb5+ Bd7 5. Bxd7+ Qxd7 6. Nxd4 Nf6 7. Nc3 g6 8.
O-O Bg7 9. Nd5 Nc6 10. Nxf6+ Bxf6 11. c3 Nxd4 12. cxd4 O-O 13. Be3 Rfc8 14. Qb3
Qc6 15. f3 Qb6 16. Qxb6 axb6 17. Rac1 Rxc1 18. Rxc1 Rxa2 19. Rc7 Rxb2 20. e5
dxe5 21. Bh6 Rb1+ 22. Kf2 Bh4+ 23. g3 Rb2+ 24. Kg1 f6 25. d5 Kf7 26. d6 Ke8 27.
Rxe7+ Kd8 28. gxh4 Rb1+ 29. Kf2 Rd1 30. Re6 b5 31. Ke2 Rh1 32. Re7 Rxh2+ 33. Kd3
Rb2 34. Ke4 1-0

[Event "7th Asrian Memorial 2014"]
[Site "Jermuk ARM"]
[Date "2014.06.19"]
[Round "4.14"]
[White "Mkrtchian, Lilit"]
[Black "Tutisani, Noe"]
[Result "1/2-1/2"]
[WhiteTitle "IM"]
[WhiteElo "2456"]
[BlackElo "2115"]
[WhiteFideId "13300601"]
[BlackFideId "13602853"]
[EventDate "2014.06.16"]

1. Nf3 Nf6 2. c4 c5 3. Nc3 e6 4. e3 b6 5. d4 cxd4 6. exd4 Bb7 7. Bd3 d6 8. O-O
Nbd7 9. Re1 Be7 10. a3 Rc8 11. b4 O-O 12. Bb2 Re8 13. d5 e5 14. Nd2 a6 15. Nb3
Bf8 16. a4 g6 17. Bf1 Bg7 18. a5 e4 19. axb6 Nxd5 20. cxd5 Bxc3 21. Bxc3 Rxc3
22. Na5 Qxb6 23. Qd2 Rc7 24. Nc4 Rxc4 25. Bxc4 Nf6 26. Rad1 Re5 27. Qd4 Qxb4 28.
Rb1 Qa5 29. Qb6 Qxb6 30. Rxb6 Bxd5 31. Bxa6 Ne8 32. Bb5 Nc7 33. Bd7 Kf8 34. Rc1
Ne6 35. Bxe6 Rxe6 36. Rd1 Bc4 37. Rbxd6 Ke7 38. Rxe6+ Kxe6 39. Rc1 Bd5 40. Rc7
h5 41. h4 f6 42. Kf1 Ke5 43. Rg7 Kf5 44. Ke2 Bc4+ 45. Ke3 Bf1 46. g3 Bg2 47. Ra7
g5 48. hxg5 fxg5 49. Rh7 Kg4 50. Rg7 Kf5 51. Rh7 Kg4 1/2-1/2

[Event "7th Asrian Memorial 2014"]
[Site "Jermuk ARM"]
[Date "2014.06.19"]
[Round "4.15"]
[White "Sargsyan, Shant"]
[Black "Petrosian, Davit G."]
[Result "1/2-1/2"]
[WhiteTitle "CM"]
[BlackTitle "GM"]
[WhiteElo "2095"]
[BlackElo "2425"]
[WhiteFideId "13306766"]
[BlackFideId "13301349"]
[EventDate "2014.06.16"]

1. d4 Nf6 2. Nf3 g6 3. Bf4 Bg7 4. e3 O-O 5. Be2 d6 6. h3 Nc6 7. O-O Ne4 8. Nbd2
Nxd2 9. Qxd2 e5 10. Bh2 e4 11. Ne1 f5 12. c3 g5 13. f3 d5 14. fxe4 dxe4 15. Nc2
Be6 16. Rf2 Ne5 17. Raf1 Qd7 18. Na3 c6 19. Kh1 b5 20. Bxb5 Nf3 21. gxf3 cxb5
22. f4 g4 23. hxg4 fxg4 24. Bg3 Rf5 25. Rh2 Bxa2 26. Qd1 Be6 27. Rg1 h5 28. Nc2
a5 29. Ne1 Qd5 30. Ng2 Raf8 31. Qe1 a4 32. Bh4 Bh6 33. Be7 R8f7 34. Ba3 Rg7 35.
Qg3 Rff7 36. Nh4 Kh7 37. Rf2 Bf5 38. Kh2 Rg8 39. Kg2 Bg7 40. Rh1 Bf6 41. Kg1 Bd8
42. Rfh2 Kg7 43. Kf2 Rh8 44. Qg2 Rh6 45. Kg3 Bd7 46. Qd2 Bc7 47. Rf1 Be6 48. Bb4
Rhf6 49. Rhf2 Qc6 50. Rg1 Bc4 51. Ba3 Re6 52. Re1 Qd5 53. Bb4 Bd8 54. Rh1 Ref6
55. Ng2 Bc7 56. Qe1 Bb8 57. Qg1 Bc7 58. Qh2 Rh6 59. Nh4 Bd3 60. Ba3 Qg5 61. Kg2
Qd5 62. Qg3 Bd8 63. Bb4 Qc4 64. Re1 Rhf6 65. Kh1 Qd5 66. Kh2 Rg6 67. Rg1 Ra6 68.
Ba3 1/2-1/2

[Event "7th Asrian Memorial 2014"]
[Site "Jermuk ARM"]
[Date "2014.06.20"]
[Round "5.1"]
[White "Pashikian, Arman"]
[Black "Aghasaryan, Robert"]
[Result "1-0"]
[WhiteTitle "GM"]
[BlackTitle "GM"]
[WhiteElo "2630"]
[BlackElo "2502"]
[WhiteFideId "13301578"]
[BlackFideId "13302841"]
[EventDate "2014.06.16"]

1. d4 d5 2. c4 e6 3. Nf3 Nf6 4. Nc3 Be7 5. Bf4 O-O 6. e3 Nbd7 7. c5 c6 8. h3 b6
9. b4 a5 10. a3 h6 11. Qc1 Bb7 12. Bd3 Qc8 13. O-O Ba6 14. Bxa6 Rxa6 15. Qc2 Qb7
16. Rfb1 axb4 17. axb4 Rfa8 18. Rxa6 Rxa6 19. Ne1 Ra3 20. Qc1 Qa8 21. b5 bxc5
22. bxc6 Rxc3 23. Qxc3 Qxc6 24. dxc5 Ne4 25. Qc2 Qxc5 26. Rb7 Qxc2 27. Nxc2 Nec5
28. Ra7 h5 29. Nd4 g5 30. Bh2 g4 31. Nc6 Bf8 32. Bc7 gxh3 33. gxh3 Nd3 34. Bg3
N3c5 35. Be5 f6 36. Bb2 Kf7 37. Ba3 Kg6 38. Ra8 Kf7 39. Rd8 f5 40. Ra8 Bd6 41.
Rh8 Nf8 42. Rxh5 f4 43. exf4 Ng6 44. f5 Nf4 45. Rh4 1-0

[Event "7th Asrian Memorial 2014"]
[Site "Jermuk ARM"]
[Date "2014.06.20"]
[Round "5.2"]
[White "Ter-Sahakyan, Samvel"]
[Black "Hovhannisyan, Robert"]
[Result "0-1"]
[WhiteTitle "GM"]
[BlackTitle "GM"]
[WhiteElo "2587"]
[BlackElo "2601"]
[WhiteFideId "13302531"]
[BlackFideId "13302507"]
[EventDate "2014.06.16"]

1. e4 c6 2. d4 d5 3. exd5 cxd5 4. c4 Nf6 5. Nc3 Nc6 6. Bg5 dxc4 7. Bxc4 h6 8.
Bf4 e6 9. Nf3 Bd6 10. Qd2 O-O 11. O-O b6 12. Rfe1 Bxf4 13. Qxf4 Bb7 14. d5 exd5
15. Rad1 Ne7 16. Bb3 Re8 17. Ne5 Rc8 18. Nb5 Ba6 19. Nxf7 Kxf7 20. Nd6+ Kg8 21.
Nxe8 Qxe8 22. Qd6 Kf8 23. Bxd5 Qd8 24. Qxd8+ Rxd8 25. Bb3 Rb8 26. Rc1 Bb7 27.
Rc7 Ned5 28. Rc4 a5 29. Rd4 Rc8 30. Rc4 Rb8 31. a3 b5 32. Rc5 Nf4 33. Rxb5 Nxg2
34. Rd1 Nf4 35. f3 Nh3+ 0-1

[Event "7th Asrian Memorial 2014"]
[Site "Jermuk ARM"]
[Date "2014.06.20"]
[Round "5.3"]
[White "Tabatabaei, M.amin"]
[Black "Grigoryan, Karen H."]
[Result "0-1"]
[WhiteTitle "FM"]
[BlackTitle "GM"]
[WhiteElo "2345"]
[BlackElo "2577"]
[WhiteFideId "12521213"]
[BlackFideId "13301004"]
[EventDate "2014.06.16"]

1. d4 Nf6 2. c4 g6 3. Nc3 Bg7 4. e4 d6 5. Nf3 O-O 6. Be2 e5 7. O-O Nc6 8. d5 Ne7
9. Ne1 Nd7 10. Be3 f5 11. f3 f4 12. Bf2 g5 13. g4 h5 14. h3 Rf7 15. Nd3 Bf8 16.
a4 Nf6 17. a5 Ng6 18. c5 hxg4 19. hxg4 c6 20. dxc6 bxc6 21. Nb4 Rc7 22. Qb3+ Kg7
23. Rad1 Ne8 24. Rd2 Qf6 25. Rfd1 Nh4 26. Bxh4 gxh4 27. cxd6 Nxd6 28. Kh2 Nf7
29. Na6 Rb7 30. Qc4 h3 31. Kxh3 Be6 32. Qd3 Be7 33. Rg1 Qh4+ 34. Kg2 Ng5 35. b4
Qh3+ 36. Kf2 Nxe4+ 0-1